<?xml version="1.0" encoding="UTF-8"?>
<record
    xmlns:xsi="http://www.w3.org/2001/XMLSchema-instance"
    xsi:schemaLocation="http://www.loc.gov/MARC21/slim http://www.loc.gov/standards/marcxml/schema/MARC21slim.xsd"
    xmlns="http://www.loc.gov/MARC21/slim">

  <leader>01487nam a2200265 a 4500</leader>
  <controlfield tag="003">DO-SdBNP</controlfield>
  <controlfield tag="005">20260205110706.0</controlfield>
  <controlfield tag="007">ta</controlfield>
  <controlfield tag="008">220509e2013    dr aoo|ert||| 001 0 spa d</controlfield>
  <datafield tag="040" ind1=" " ind2=" ">
    <subfield code="a">DO-SdBNP</subfield>
    <subfield code="b">spa</subfield>
    <subfield code="c">BNPHU</subfield>
  </datafield>
  <datafield tag="082" ind1=" " ind2="4">
    <subfield code="2">4</subfield>
    <subfield code="b">I43g</subfield>
  </datafield>
  <datafield tag="245" ind1="0" ind2="0">
    <subfield code="a">Informe de gesti&#xF3;n anual 2013 /</subfield>
    <subfield code="c">Pr&#xF3;logo, Manuel A. Grull&#xF3;n, Fotograf&#xED;as, Luis Nova, Jochy Fersobe.</subfield>
  </datafield>
  <datafield tag="260" ind1=" " ind2=" ">
    <subfield code="a">Santo Domingo :</subfield>
    <subfield code="b">Banco Popular, Rep&#xFA;blica Dominicana,</subfield>
    <subfield code="c">2013</subfield>
  </datafield>
  <datafield tag="300" ind1=" " ind2=" ">
    <subfield code="a">195 p. :</subfield>
    <subfield code="b">il., fotogr. ;</subfield>
    <subfield code="c">29 cm.</subfield>
  </datafield>
  <datafield tag="500" ind1=" " ind2=" ">
    <subfield code="a">Incluye Directorio de oficinas, p. 190- 192.</subfield>
  </datafield>
  <datafield tag="505" ind1=" " ind2=" ">
    <subfield code="t">Indicadores financieros.--</subfield>
    <subfield code="t">Carta del Presidente.--</subfield>
    <subfield code="t">Informe del consejo de Administraci&#xF3;n.--</subfield>
    <subfield code="t">Semblanza Alejandro E. Grull&#xF3;n E.--</subfield>
    <subfield code="t">Semblanza Alejandro Grull&#xF3;n.--</subfield>
    <subfield code="t">Semblanza Pedro A. Rodr&#xED;guez.--</subfield>
    <subfield code="t">Semblanza Manuel A. Grull&#xF3;n, J. Amado Berm&#xFA;dez Pippa, Consejero Em&#xE9;rito de Banco Popular, S. A.--</subfield>
    <subfield code="t">Productos y servicios.--</subfield>
    <subfield code="t">Una empresa de valor social permantente.--</subfield>
    <subfield code="t">Estados financieros.--</subfield>
    <subfield code="t">Miembros del Consejo de Administraci&#xF3;n.--</subfield>
    <subfield code="t">Comit&#xE9;s del Consejo de Administraci&#xF3;n.--</subfield>
    <subfield code="t">Principales funcionarios.--</subfield>
    <subfield code="t">Directorio de oficinas.</subfield>
  </datafield>
  <datafield tag="610" ind1=" " ind2=" ">
    <subfield code="a">Banco Popular de la Rep&#xFA;blica Dominicana</subfield>
    <subfield code="x">Informes T&#xE9;cnicos</subfield>
    <subfield code="9">81573</subfield>
  </datafield>
  <datafield tag="650" ind1=" " ind2="0">
    <subfield code="a">Informes t&#xE9;cnicos</subfield>
    <subfield code="x">Redacci&#xF3;n</subfield>
    <subfield code="9">7867</subfield>
  </datafield>
  <datafield tag="700" ind1="1" ind2=" ">
    <subfield code="a">Grull&#xF3;n, Manuel A.</subfield>
    <subfield code="e">pr&#xF3;l.</subfield>
    <subfield code="9">73783</subfield>
  </datafield>
  <datafield tag="700" ind1="1" ind2=" ">
    <subfield code="a">Nova, Luis</subfield>
    <subfield code="e">fotogr.</subfield>
    <subfield code="9">36995</subfield>
  </datafield>
  <datafield tag="700" ind1="1" ind2=" ">
    <subfield code="a">Fersobe, Jochy</subfield>
    <subfield code="e">fotogr.</subfield>
    <subfield code="9">73769</subfield>
  </datafield>
  <datafield tag="710" ind1="1" ind2=" ">
    <subfield code="a">Banco Popular de la Rep&#xFA;blica Dominicana</subfield>
    <subfield code="9">7760</subfield>
  </datafield>
  <datafield tag="910" ind1=" " ind2=" ">
    <subfield code="a">MFeliz</subfield>
  </datafield>
  <datafield tag="942" ind1=" " ind2=" ">
    <subfield code="2">ddc</subfield>
    <subfield code="c">LBS1</subfield>
  </datafield>
  <datafield tag="952" ind1=" " ind2=" ">
    <subfield code="0">0</subfield>
    <subfield code="1">0</subfield>
    <subfield code="2">ddc</subfield>
    <subfield code="5">1</subfield>
    <subfield code="7">0</subfield>
    <subfield code="8">PD</subfield>
    <subfield code="a">BNPHU</subfield>
    <subfield code="b">BNPHU</subfield>
    <subfield code="c">HD</subfield>
    <subfield code="d">2021-11-02</subfield>
    <subfield code="e">Donado por Wilfredo Alemani</subfield>
    <subfield code="l">0</subfield>
    <subfield code="o">I43g</subfield>
    <subfield code="p">2022-1907</subfield>
    <subfield code="r">2022-05-09</subfield>
    <subfield code="w">2022-05-09</subfield>
    <subfield code="y">LBS1</subfield>
  </datafield>
  <datafield tag="999" ind1=" " ind2=" ">
    <subfield code="c">51676</subfield>
    <subfield code="d">51676</subfield>
  </datafield>
</record>
